000 00596nam a2200181Ia 4500
008 090124s9999 xx 000 0 und d
082 _b23790
100 _aनिगवेकर वसंत
245 _a डॉ. डुलिटलची गोष्ट
250 _a1
260 _bहीरक प्रकाशन
_c1985
300 _a62
600 _aनिगवेकर वसंत
630 _a डॉ. डुलिटलची गोष्ट
700 _aनिगवेकर वसंत
730 _a डॉ. डुलिटलची गोष्ट
942 _cBOOK
999 _c92544
_d92544